Basse-Normandie / Haute-Normandie - Statistiques

Statistiques générales
  • Ce quiz a été pris 117 fois
  • Le résultat moyen est 24 sur 30
Statistiques - réponses
Question Réponse % Correct
Caen Basse-Normandie
94%
Saint-Lô Basse-Normandie
94%
Rouen Haute-Normandie
94%
Evreux Haute-Normandie
94%
Argentan Basse-Normandie
89%
Cherbourg-en-Cotentin Basse-Normandie
89%
Alençon Basse-Normandie
89%
Elbeuf Haute-Normandie
89%
Dieppe Haute-Normandie
89%
Louviers Haute-Normandie
89%
Saint-Etienne-du-Rouvray Haute-Normandie
89%
Lisieux Basse-Normandie
83%
Valognes Basse-Normandie
83%
Ouistreham Basse-Normandie
83%
Le Havre Haute-Normandie
83%
Petit-Caux Haute-Normandie
83%
Darnétal Haute-Normandie
83%
Coutances Basse-Normandie
78%
Barneville-Carteret Basse-Normandie
78%
Giverny Haute-Normandie
78%
Fécamp Haute-Normandie
78%
Neufchâtel-en-Bray Haute-Normandie
78%
Yvetot Haute-Normandie
78%
Deauville Basse-Normandie
72%
Hérouville-Saint-Clair Basse-Normandie
67%
Créances Basse-Normandie
67%
Sées Basse-Normandie
61%
Lessay Basse-Normandie
61%
Aumale Haute-Normandie
50%
Saint-Hilaire-du-Harcouët Basse-Normandie
44%
Aucun quiz correspondant
Distribution des résultats
% des personnes avec chaque résultat
Percentile par nombre de réponses
Votre historique - résultats
Vous n’avez pas pris ce quiz